MARC

LEADER 00000nam0a2200000 4500
001 364135
005 20231102011646.0
035 |a (RuTPU)RU\TPU\retro\21493 
090 |a 364135 
100 |a 20211028d1981 m y0rusy50 ca 
101 0 |a rus 
102 |a RU 
105 |a a z 001zy 
200 1 |a О музыкальных жанрах  |f Т. В. Попова 
210 |a Москва  |c Знание  |d 1981 
215 |a 128 с.  |c ил. 
225 1 |a Народный университет. Факультет литературы и искусства 
320 |a Библиогр.: с.127 
606 1 |a Музыкальные жанры и формы  |2 stltpush  |3 (RuTPU)RU\TPU\subj\44576  |9 63887 
610 1 |a вокальная музыка 
610 1 |a сюиты 
610 1 |a сонаты 
610 1 |a симфоническая музыка 
675 |a 781.5  |v 4 
700 1 |a Попова  |b Т. В.  |g Татьяна Васильевна 
801 1 |a RU  |b 63413507  |c 20211028 
942 |c BK